Efektívnosť poskytovania miestnych verejných služieb

Rozvoj konkurenčného prostredia. Nové metódy riadenia a rozhodovania v procese zabezpečovania verejných služieb. Efektívnosť poskytovania verejných služieb. Miera konkurenčných vzťahov v procese zabezpečovania miestnych verejných služieb vo vybraných obciach ČR. Uplatňovanie a alternatívne formy po...

Ausführliche Beschreibung

Gespeichert in:
Bibliographische Detailangaben
1. Verfasser: Meričková, Beáta
Format: Buchkapitel
Sprache:Slowakisch
Schlagworte:
Tags: Tag hinzufügen
Keine Tags, Fügen Sie das erste Tag hinzu!

MARC

LEADER 00000naa$a2200000$$$4500
001 0027817
005 20231017065609.0
041 0 |a slo 
044 |a CZ 
245 1 0 |a Efektívnosť poskytovania miestnych verejných služieb  |c Beáta Meričková 
520 |a Rozvoj konkurenčného prostredia. Nové metódy riadenia a rozhodovania v procese zabezpečovania verejných služieb. Efektívnosť poskytovania verejných služieb. Miera konkurenčných vzťahov v procese zabezpečovania miestnych verejných služieb vo vybraných obciach ČR. Uplatňovanie a alternatívne formy poskytovania verejných služieb. 
610 2 0 |a služby verejné 
610 2 0 |a efektívnosť 
610 2 0 |a metódy riadenia 
610 2 0 |a benchmarking 
610 2 0 |a Česko 
610 2 0 |a prostredie ekonomické 
610 2 0 |a konkurencia 
100 1 |a Meričková, Beáta